|
|
|
|
| LEADER |
00000nab a2200000 ar4500 |
| 001 |
vtls010059931 |
| 003 |
SK-MaSNL |
| 005 |
20260303192556.0 |
| 008 |
100202c20100122xo dr|n|||||||000 b|slo |
| 015 |
|
|
|a SNBRB2010/02
|2 snkbucl
|
| 038 |
|
|
|a SNKBUCL
|
| 040 |
|
|
|a SNKBUCL
|b slo
|c SNKBUCL
|e AACR2
|
| 041 |
0 |
|
|a slo
|
| 044 |
|
|
|a xo
|c SK
|
| 080 |
|
|
|a 796.325.093.1
|2 2001
|
| 245 |
0 |
0 |
|a Nitra - Humenné 2:3 (13, -24, 16, -21, -13)
|b extraliga volejbalistov - predohrávka 2. kola v skupine o 1.-4. miesto
|
| 300 |
|
|
|b Tab.
|
| 648 |
|
7 |
|a sezóna 2009/2010
|2 snkbucl
|9 1034617
|
| 650 |
0 |
7 |
|a volejbal
|2 snkbucl
|9 3294
|
| 650 |
0 |
7 |
|a muži
|2 snkbucl
|9 4888
|
| 650 |
0 |
7 |
|a 2. kolo
|2 snkbucl
|9 879640
|
| 650 |
0 |
7 |
|a skupina o 1.-4. miesto
|2 snkbucl
|9 1222946
|
| 773 |
0 |
|
|t Šport
|g Roč. 64, č. 17 (22.1.2010), s. 46
|x 0139-7001
|
| 852 |
|
|
|a SNK
|b KIS3GCP
|
| 999 |
|
|
|c 2147136
|d 2149066
|